Statistics for Guess my Family's Favourite NBA Player

Click here to take the quiz!

General Stats

  • This quiz has been taken 33 times
  • The average score is 6 of 7

Answer Stats

Family MemberHintAnswer% Correct
GrandpaWarriorsStephen Curry
100%
MumBucksGiannis Antetokounmpo
93%
GrandmaBullsMicheal Jordan
89%
Younger BrotherHawksTrae Young
89%
MeClippersKawhi Leonard
86%
Older BrotherClippersPaul George
86%
DadSunsCharles Barkley
68%

Score Distribution

Percentile by Number Answered

Percent of People with Each Score

Your Score History

You have not taken this quiz